000 00289nam a22001337a 4500
008 181009b xxu||||| |||| 00| 0 eng d
020 _a9780195368048
041 _aeng
080 _a610
100 _a4
101 _aSHM
245 _aMenstrual Migrane
_cHutchinson,S
942 _2udc
_cBK
999 _c49089
_d49089